Construmat 2014 - Conference about Structural Materials : sborník příspěvků 20. mezinárodní konference, Malenovice, ČR, 11. - 13. 6. 2014

Saved in:
Bibliographic Details
Corporate Author: Construmat 2014 Malenovice, Česká republika
Format: Conference Proceeding Book
Language:Czech
Slovak
Published: Ostrava : VŠB - Technická univerzita Ostrava, 2014
Edition:1.vyd.
Tags: Add Tag
No Tags, Be the first to tag this record!

MARC

LEADER 00000nam a22000003a 4500
001 stu292021
005 20150408183148.7
008 140620s--------xr----------------------d
020 |a 978-80-248-3381-1 
040 |a STU  |b slo 
041 0 |a cze  |a slo 
044 |a xr 
111 2 |a Construmat 2014  |n 20.  |d 11. - 13. 6. 2014  |c Malenovice, Česká republika 
245 |a Construmat 2014 - Conference about Structural Materials :  |b sborník příspěvků 20. mezinárodní konference, Malenovice, ČR, 11. - 13. 6. 2014  |h elektronický zdroj 
250 |a 1.vyd. 
260 |a Ostrava :  |b VŠB - Technická univerzita Ostrava,  |c 2014 
300 |a CD-ROM 
500 |a zborník bol recenzovaný 
996 |c V*2046/sc-14  |l VV15  |s P  |a 0  |w stu292021_0001